| 000 | 01030cam a22003137a 4500 | ||
|---|---|---|---|
| 003 | CHAP | ||
| 005 | 20220329134646.0 | ||
| 008 | 971013s1972 mx a r 00010 spa d | ||
| 010 | _a23781 | ||
| 011 | _a24753 | ||
| 035 | _a28852 | ||
| 040 | _cCHAP | ||
| 090 | _aFolleto 5145 | ||
| 110 | 2 |
_aComisión Nacional de Fruticultura. México _925772 |
|
| 245 | 1 | 3 |
_aEl durazno : _bsu cultivo y aprovechamiento en México _c/por CONAFRUT |
| 260 |
_aMéxico : _bCONAFRUT, _c1972 |
||
| 300 |
_a14 p. : _bilus. |
||
| 490 | 0 |
_aSerie técnica. Folleto _v; 6 |
|
| 590 |
_aBATCH-UPD _b10 _c20130110 _lUCH01 _h1347 |
||
| 590 |
_aBATCH-UPD _b10 _c20130410 _lUCH01 _h0845 |
||
| 590 |
_aBATCH-UPD _b10 _c20130914 _lUCH01 _h1224 |
||
| 590 |
_aCONVERSION _b10 _c20130109 _lUCH01 _h1314 |
||
| 650 | 1 | 4 |
_aDurazno. _934570 |
| 830 | 0 | 0 |
_aSerie técnica. Folleto _v; 6 _9105063 |
| 901 | _aBK | ||
| 942 | _cFOLL | ||
| 949 |
_aFolleto 5145 _bBC _cFOLL _d-66633 _eTS1 _i28852 _mD _si |
||
| 949 |
_aFolleto 5145 _bBC _cFOLL _d33724002243082 _eTS2 _fc.2 _gDonaciØn _i28852 _si |
||
| 999 |
_c23781 _d23781 |
||